000 00642nam a22002057a 4500
999 _c12837
_d12837
003 AR-CdUCM
008 190410b ||||| |||| 00| 0 spa d
040 _aMUNICIPALIDAD PROVINCIAL DEL CUSCO
_cBIBLIOTECA MUNICIPAL DEL CUSCO
082 _a869.963 /
_bM26
100 _aMartí, José
_93892
245 _aMadre América /
260 _aParís :
_bFranco Ibero-Americana.
300 _a123 páginas ;
_c12 cm.
505 _aContenido: Madre América -- Nuestra América -- Pensamientos.
650 _aLiteratura Cubana
_9668
650 _aSiglo XIX
_9971
650 _aAmérica
_91348
942 _2ddc
_cLIBROS
945 _aachl
_d2019-04-10